Gender and Mental Health Psychology: (Record no. 180670)

MARC details
000 -LEADER
fixed length control field 00584nam a22001937a 4500
005 - DATE AND TIME OF LATEST TRANSACTION
control field 20210813133255.0
010 ## - LCCN (DPL NO)
LC control number ENG-129853
020 ## - INTERNATIONAL STANDARD BOOK NUMBER
Terms of availability 1125.00
International Standard Book Number 978-93-84402-91-4
035 ## - SYSTEM CONTROL NUMBER
System control number EN-113385
037 ## - SOURCE OF ACQUISITION
Source of stock number/acquisition DBAD/PUB
082 ## - DEWEY DECIMAL CLASSIFICATION NUMBER
Classification number 155.33
100 ## - MAIN ENTRY--PERSONAL NAME
Personal name Kumari, Reena
245 ## - TITLE STATEMENT
Title Gender and Mental Health Psychology:
Statement of responsibility, etc Reena Kumari
250 ## - EDITION STATEMENT
Edition statement 2018
260 ## - PUBLICATION, DISTRIBUTION, ETC. (IMPRINT)
Name of publisher, distributor, etc Gyan Geeta Prakashan
Date of publication, distribution, etc 2018
Place of publication, distribution, etc Delhi
270 ## - ADDRESS
Telephone number 09716234769
Electronic mail address gyangeetaprakashan@gmail.com
Address F-7 Naveen Shahdara
City Delhi
Postal code 110032
300 ## - PHYSICAL DESCRIPTION
Extent 276p.
Dimensions 24cm (hbk)
942 ## - ADDED ENTRY ELEMENTS (KOHA)
Source of classification or shelving scheme Dewey Decimal Classification
Item type English Books
Classification part 155.33
Call number prefix KUM
Holdings
Withdrawn status Lost status Not for loan Collection code Home library Current library Date acquired Source of acquisition Cost, normal purchase price Full call number Barcode Copy number Cost, replacement price Koha item type
      Non-fiction Shahdara Branch Shahdara Branch 13/08/2021 DBAD/PUB 1125.00 155.33 KUM EN-113385 1 1125.00 English Books

© Delhi Public Library
Hit Counter
free hit counter